书目信息 |
| 题名: |
李斯特生平与作品鉴赏
|
|
| 作者: | ;北京未来新世纪教育科学发展中心 编 | |
| 分册: | ||
| 出版信息: | 喀什 喀什维吾尔文出版社 2007 |
|
| 页数: | 89页 | |
| 开本: | 21cm | |
| 丛书名: | 雅致生活 | |
| 单 册: | ||
| 中图分类: | K835.155.76 , J605 | |
| 科图分类: | ||
| 主题词: | 音乐 | |
| 电子资源: | ||
| ISBN: | 978-7-5373-1449-7 | |
| 000 | 01411nam0 2200409 450 | |
| 000 | 01376nam0 2200397 450 | |
| 000 | 01339nam0 2200385 450 | |
| 000 | 01278nam0 2200373 450 | |
| 000 | 01238nam0 2200361 450 | |
| 000 | 01167oam2 2200337 45 | |
| 001 | 0120070121201 | |
| 005 | 20080602105215.07 | |
| 010 | @a978-7-5373-1449-7@dCNY18.00 | |
| 092 | @aCN@b586760 | |
| 100 | @a20071211d2007 em y0chiy0120 ea | |
| 101 | 0 | @achi |
| 102 | @aCN@b650000 | |
| 105 | @aa z 000yd | |
| 200 | 1 | @a李斯特生平与作品鉴赏@Ali si te sheng ping yu zuo pin jian shang@f北京未来新世纪教育科学发展中心编@Fbei jing wei lai xin shi ji jiao yu ke xue fa zhan zhong xin bian |
| 205 | @a修订版 | |
| 210 | @a喀什@c喀什维吾尔文出版社@a乌鲁木齐@c新疆青少年出版社@d2007 | |
| 215 | @a89页@c图@d21cm | |
| 225 | 2 | @a雅致生活 |
| 308 | @a丛书之074 | |
| 330 | @a本书主要主要介绍了走近李斯特、聆听李斯特等内容,让读者在阅读的同时提高生活的品位、艺术修养。 | |
| 461 | 0 | @12001 @a雅致生活 |
| 600 | 1 | @a李斯特@x生平事迹 |
| 600 | 1 | @a李斯特@x音乐@x鉴赏 |
| 600 | 1 | @a李斯特 |
| 606 | 0 | @a音乐 |
| 690 | @aK835.155.76@v4 | |
| 690 | @aJ605@v4 | |
| 711 | 02 | @a北京未来新世纪教育科学发展中心@Abei jing wei lai xin shi ji jiao yu ke xue fa zhan zhong xin@4编 |
| 801 | 0 | @aCN@bLZJBOOK@c20080602 |
| 905 | @aBZT@dK835.155.76@e1 | |
| 906 | @dCNY18.00@n0@r1 | |
| 李斯特生平与作品鉴赏/北京未来新世纪教育科学发展中心编.-修订版.-喀什:喀什维吾尔文出版社;乌鲁木齐:新疆青少年出版社,2007 |
| 89页:图;21cm.-(雅致生活) |
| ISBN 978-7-5373-1449-7:CNY18.00 |
| 本书主要主要介绍了走近李斯特、聆听李斯特等内容,让读者在阅读的同时提高生活的品位、艺术修养。 |
| ● |
| 相关链接 |
|
|
|
正题名:李斯特生平与作品鉴赏
索取号:K835.155.76/1
 
预约/预借
| 序号 | 登录号 | 条形码 | 馆藏地/架位号 | 状态 | 备注 |
| 1 | 671475 | 2000671475 | 中心书库南/017架B3层6列/ [索取号:K835.155.76/1] | 在馆 | |
| 2 | 671476 | 2000671476 | 中心书库南/017架B3层6列/ [索取号:K835.155.76/1] | 在馆 | |
| 3 | 671477 | 2000671477 | 中心书库南/017架B3层6列/ [索取号:K835.155.76/1] | 在馆 | |
| 4 | 671478 | 2000671478 | 中心书库南/017架B3层6列/ [索取号:K835.155.76/1] | 在馆 | |
| 5 | 671479 | 2000671479 | 中心书库南/017架B3层6列/ [索取号:K835.155.76/1] | 在馆 | |
| 6 | 671480 | 2000671480 | 中心书库南/017架B3层6列/ [索取号:K835.155.76/1] | 在馆 | |
| 7 | 671481 | 2000671481 | 中心书库南/017架B3层6列/ [索取号:K835.155.76/1] | 在馆 | |
| 8 | 671482 | 2000671482 | 中心书库南/017架B3层6列/ [索取号:K835.155.76/1] | 在馆 | |
| 9 | 671483 | 2000671483 | 中心书库南/017架B3层6列/ [索取号:K835.155.76/1] | 在馆 | |
| 10 | 671484 | 2000671484 | 中心书库南/017架B3层6列/ [索取号:K835.155.76/1] | 在馆 | |
| 11 | 671485 | 2000671485 | 中心书库南/017架B3层6列/ [索取号:K835.155.76/1] | 在馆 |